[Event "Serbia Central Cup"]
[Site "Kragujevac"]
[Date "2018.04.29"]
[Round "1"]
[White "Mitrovic, Radomir"]
[Black "Vlajkovic, Stanko"]
[Result "0-1"]
[WhiteElo "1973"]
[BlackElo "2200"]
[PlyCount "72"]
[EventDate "2018.04.29"]
[EventType "swiss"]
[EventRounds "6"]
[EventCountry "SRB"]
[SourceTitle "CBM 184 Extra"]
[Source "ChessBase"]
[SourceDate "2018.06.28"]
[SourceVersion "1"]
[SourceVersionDate "2018.06.28"]
[SourceQuality "1"]

1. e4 g6 2. d4 Bg7 3. c3 d6 4. f4 Nf6 5. Bd3 0-0 6. Nf3 Bg4 7. 0-0 e5 8. fxe5 dxe5 9. d5 c6 10. c4 Nbd7 11. Be3 Nh5 12. Nbd2 Nf4 13. Qb3 Qe7 14. h3 Bh5 15. Kh2 Nc5 16. Bxc5 Qxc5 17. Rae1 Bxf3 18. Rxf3 g5 19. g3 Ng6 20. Qc3 h5 21. Nb3 Qe7 22. Rf5 h4 23. Bf1 hxg3+ 24. Qxg3 Nh4 25. Rf2 f5 26. Bd3 fxe4 27. Rxf8+ Rxf8 28. Bxe4 Qb4 29. Rc1 Rf4 30. Qe3 Qf8 31. Kg3 Rf3+ 32. Qxf3 Nxf3 33. Bxf3 e4 34. Bg4 Qf4+ 35. Kg2 Be5 36. Rd1 e3 0-1